Credit Risk Modeling

I tiakina i:
Ngā taipitopito rārangi puna kōrero
Kaituhi matua: David Lando
Hōputu: Pukapuka
I whakaputaina: Springer
Ngā marau:
Ngā Tūtohu: Tāpirihia he Tūtohu
Kāore He Tūtohu, Me noho koe te mea tuatahi ki te tūtohu i tēnei pūkete!

MARC

LEADER 00000nam a2200000Ia 4500
005 20260427112656.0
526 |b FinTech 
100 |a David Lando 
020 |a 9783540712978 
650 |a Risk 
526 |a Masters 
942 |c BK 
245 |a Credit Risk Modeling 
260 |b Springer 
999 |c 47  |d 47 
952 |0 0  |1 0  |4 0  |7 0  |8 3  |a BRISTOL  |b BRISTOL  |d 2026-04-22  |l 0  |p 000109  |r 2026-04-27 11:26:56  |w 2026-04-27  |y BK